| 000 | 00696nam a2200205 a 4500 | ||
|---|---|---|---|
| 005 | 20160727092142.0 | ||
| 008 | 160727b2008 mx ad|||r|||| 00| 0 spa d | ||
| 040 |
_aCO-BoIAVH _cCO-BoIAVH |
||
| 041 | 0 | _aspa | |
| 044 | _amx | ||
| 082 | 0 | 4 |
_a633.895 _bP98u |
| 245 | 0 | 0 |
_aUso y manejo de los copales aromáticos _bresinas y aceites / _ccoordinado por Silvia Elena Purata Velarde |
| 260 |
_aMéxico : _bCONABIO : _bRAISES, _c2008. |
||
| 300 |
_a54 páginas : _bilustraciones y tablas ; _c24 x 21 cm. |
||
| 650 | 2 | 6 | _aResinas |
| 650 | 2 | 6 | _aAceites aromáticos |
| 650 | 2 | 4 | _aCopales aromáticos |
| 700 | 1 |
_aPurata Velarde, Silvia E. _ecoordinadora |
|
| 942 |
_2ddc _cLIBRO |
||
| 999 |
_c7014 _d7014 |
||